000 01100cam a2200289 a 4500
999 _c8641
_d8641
001 4850924
003 GZU
005 20210521113814.0
008 910320r19911937ilua b s000 1 eng
010 _a 91014282
020 _a0252017781 (acidfree paper)
040 _aDLC
_cDLC
_dDLC
_dOCoLC
050 0 0 _aPS3515.U789
_bTHE 1991
082 0 0 _a813/.52
_220
100 1 _aHurston, Zora Neale.
245 1 0 _aTheir eyes were watching God /
_cZora Neale Hurston ; illustrated by Jerry Pinkney ; foreword by Ruby Dee ; introduction by Sherley Anne Williams.
260 _aUrbana :
_bUniversity of Illinois Press,
_cc1991.
300 _axxxii, 231 p. :
_bill. ;
_c24 cm.
504 _aIncludes bibliographical references.
650 0 _aAfrican American women
_vFiction.
650 0 _aSelf-realization
_vFiction.
655 7 _aPsychological fiction.
_2lcsh
700 1 _aPinkney, Jerry.
906 _a7
_bcbc
_corignew
_d1
_eocip
_f19
_gy-gencatlg
942 _2lcc
_cBK
_h3515.U789
_iTHE
_kPS